TEXTBOOK ON INDIAN PENAL CODE (Record no. 6937)

MARC details
000 -LEADER
fixed length control field 00421nam a22001697a 4500
005 - DATE AND TIME OF LATEST TRANSACTION
control field 20210904120416.0
008 - FIXED-LENGTH DATA ELEMENTS--GENERAL INFORMATION
fixed length control field 200608b xxu||||| |||| 00| 0 eng d
020 ## - INTERNATIONAL STANDARD BOOK NUMBER
ISBN 978-81-9447-153-0
041 ## - LANGUAGE CODE
Language code of text/sound track or separate title eng
100 ## - MAIN ENTRY--AUTHOR NAME
Personal name GAUR, K.D.
245 ## - TITLE STATEMENT
Title TEXTBOOK ON INDIAN PENAL CODE
250 ## - EDITION STATEMENT
Edition statement 7TH, ED., 2020
260 ## - PUBLICATION, DISTRIBUTION, ETC. (IMPRINT)
Place of publication HARYANA
Name of publisher UNIVERSAL LEXIS NEXIS
300 ## - PHYSICAL DESCRIPTION
Number of Pages 1446;ixxvi.p
650 ## - SUBJECT ADDED ENTRY--TOPICAL TERM
Topical Term LAW
942 ## - ADDED ENTRY ELEMENTS (KOHA)
Koha item type Books
Holdings
Lost status Damaged status Collection code Home library Current library Shelving location Date acquired Source of acquisition Cost, normal purchase price Full call number Accession Number Koha item type
    Reference JRU Library JRU Library SHELF -1-B 20/06/2020 PURCHESS 825.00 345.5402 24920 Books
    LAW JRU Library JRU Library SHELF-29-B 20/06/2020 PURCHESS     24921 Books